Provinces of China Map Quiz - 1 Minute Sprint - Statistics

General Stats
  • This quiz has been taken 13 times
  • The average score is 16 of 32
Answers on the Map
Answers color-coded by a green-red scale on the quiz's map according to % correct below.
 
Answer Stats
Answer % Correct
Hainan
89%
Inner Mongolia
89%
Xinjiang Uyghur
89%
Beijing
78%
Hong Kong /
Macau
78%
Tianjin
78%
Tibet
78%
Yunnan
78%
Fujian
67%
Guangdong
67%
Heilongjiang
67%
Shanghai
67%
Sichuan
67%
Jiangsu
56%
Shandong
56%
Guangxi
44%
Hebei
44%
Jilin
44%
Zhejiang
44%
Chongqing
33%
Gansu
33%
Henan
33%
Hubei
33%
Liaoning
33%
Qinghai
33%
Anhui
22%
Guizhou
22%
Hunan
22%
Jiangxi
22%
Ningxia
22%
Shaanxi
11%
Shanxi
11%
No matching quizzes found
Score Distribution
Percent of People with Each Score
Percentile by Number Answered
Your Score History
You have not taken this quiz